000 01227aam a2200349 i 4500
001 68814
003 Mx-PuUPA
005 20241007112653.0
008 241007s2018 mx a|||gr|||| 00| h spa d
020 _a9786072428980
040 _aMx-PuUPA
_bspa
_cMx-PuUPA
_dMx-PuUPA
_erda
041 0 _aspa
100 1 _aVilloro, Juan,
_d1956-
_99091
_eautor
245 1 0 _aEl hámster del presidente /
_cJuan Villoro ; ilustraciones de Luis San Vicente
264 1 _aMéxico, D.F. :
_bSM de Ediciones,
_c2018
300 _a43 páginas, 6 páginas sin numerar :
_bilustraciones ;
_c19 cm
336 _2rdacontent
_atexto
_btxt
336 _2rdacontent
_aimagen fija
_bsti
337 _2rdamedia
_asin medio
_bn
338 _2rdacarrier
_avolumen
_bnc
490 1 _aEl barco de vapor. Azul ;
_v66 M
521 1 _a7 +
650 7 _2armarc
_aHámster
_xLiteratura infantil
650 7 _2armarc
_aPresidentes
_xLiteratura infantil
650 7 _2armarc
_aAventura
_xLiteratura infantil
700 1 _aSan Vicente, Luis,
_eilustrador
830 3 _aEl barco de vapor.
_pAzul
_x9789687791760
_v66 M
942 _2ddc
_cLI
_h863
_nB2766
999 _c68814
_d68814